Ottimismo in pratica : la guida indispensabile per cambiare stato d'animo, pensare positivo e vedere il bicchiere finalmente mezzo pieno /

Enregistré dans:
Détails bibliographiques
Auteur principal: Pizzecco, Toni
Format: Livre
Langue:italien
Publié: Firenze ; Milano : Giunti Demetra, 2015
Tags: Ajouter un tag
Pas de tags, Soyez le premier à ajouter un tag!

MARC

LEADER 00000nam a22000007i 4500
001 IT\ICCU\CFI\0920790
003 ItRI
005 20260421174245.0
008 151111s2015 it |||||| ||||| |||||c
020 |a 9788844046545 
040 |b ita  |c Arcigay Viterbo 
041 7 |a ita  |2 ISO-639-2 
100 1 |a Pizzecco, Toni  |0 IT\ICCU\CFIV\231487 
245 1 0 |a Ottimismo in pratica :  |b la guida indispensabile per cambiare stato d'animo, pensare positivo e vedere il bicchiere finalmente mezzo pieno /  |c Toni Pizzecco. 
260 |a Firenze ;  |a Milano :  |b Giunti Demetra,  |c 2015 
300 |a 160 p. :  |b ill. ;  |c 20 cm. 
942 |2 ddc  |c BK  |n 0 
952 |0 0  |1 0  |2 ddc  |4 0  |6 151_100000000000000_PIZ_OTT  |7 0  |9 33337  |a VT  |b VT  |d 2026-04-21  |e Dono di Luca Bonomi  |i B609  |l 0  |o 151.1 PIZ OTT  |p B609  |r 2026-04-21 17:43:35  |w 2026-04-21  |y BK  |z Dono di Luca Bonomi 
981 1 |6 z01  |a i   |b xxxe  
982 1 |6 z01  |a n 
999 |c 28947  |d 28947